[Event "Bogota September op"]
[Site "Bogota"]
[Date "2015.09.19"]
[Round "3"]
[White "Guerrero Ramirez, Cesar Augusto"]
[Black "Restrepo, Luis Edmer"]
[Result "0-1"]
[WhiteElo "1711"]
[BlackElo "1633"]
[PlyCount "46"]
[EventDate "2015.09.18"]
[EventType "swiss"]
[EventRounds "6"]
[EventCountry "COL"]
[SourceTitle "EXT 2016"]
[Source "ChessBase"]
[SourceDate "2015.10.08"]
[SourceVersion "1"]
[SourceVersionDate "2015.10.08"]
[SourceQuality "1"]

1. d4 Nf6 2. c4 e6 3. e3 b6 4. Be2 Bb7 5. Bf3 c6 6. Nc3 d5 7. cxd5 cxd5 8. Nge2 Nc6 9. Bd2 Rc8 10. a3 e5 11. dxe5 Nxe5 12. Nc1 Bd6 13. 0-0 Qd7 14. Be2 0-0 15. f4 Nc4 16. Bxc4 dxc4 17. Qe2 Rfe8 18. g3 Qc6 19. Kf2 Rcd8 20. N1a2 Bc5 21. Nb4 Rxd2 22. Qxd2 Bxe3+ 23. Qxe3 Qg2+ 0-1